Spitznamen der Darts-Top 50 in der Rangliste der PDC Order of Merit - Statistiken

Allgemein
  • Dieses Quiz wurde 248 mal gespielt
  • Das Durchschnittsergebnis liegt bei 29 aus 50
Antwortstatistiken
Hint Antwort % Korrekt
22. Gabriel Clemens Gaga / German Giant
93%
2. Michael van Gerwen MVG / Mighty Mike
92%
5. Gerwyn Price Iceman
90%
1. Luke Humphries Cool Hand Luke
89%
4. Nathan Aspinall Asp
88%
3. Michael Smith Bully Boy
87%
8. Peter Wright Snakebite
85%
23. Martin Schindler Wall
79%
6. Rob Cross Voltage
77%
10. Dave Chisnall Chizzy
75%
11. Damon Heta Heat
75%
29. Raymond van Barneveld Barney
73%
31. Luke Littler Nuke
72%
27. Gary Anderson Flying Scotsman
71%
21. Josh Rock Rocky
68%
18. Andrew Gilding Goldfinger
67%
19. James Wade Machine
67%
16. Stephen Bunting Bullet
66%
15. Chris Dobey Hollywood
66%
24. Krzysztof Ratajski Polish Eagle
66%
36. Ricardo Pietreczko Pikachu
65%
44. Simon Whitlock Wizard
65%
14. Dimitri van den Bergh Dreammaker
64%
9. Jonny Clayton Ferret
64%
20. Ryan Searle Heavy Metal
63%
12. Joe Cullen Rockstar
61%
25. José de Sousa Special One
61%
28. Brendan Dolan History Maker
60%
26. Daryl Gurney Superchin
60%
13. Dirk van Duijvenbode Aubergenius / Titan
56%
46. Ricky Evans Rapid
53%
50. Steve Beaton Bronzed Adonis
47%
39. Mike de Decker Real Deal
46%
17. Ross Smith Smudger
46%
38. Luke Woodhouse Woody
46%
7. Danny Noppert Freeze
44%
43. Gian van Veen Giant / GVV
44%
32. Kim Huybrechts Hurricane
43%
49. Rowby-John Rodriguez Little John
36%
47. Jermaine Wattimena Machine Gun
34%
48. Matt Campbell Ginja Ninja
32%
37. Ryan Joyce Relentless
32%
30. Scott Williams Shaggy
32%
34. Callan Rydz Riot
30%
45. Alan Soutar Soots
29%
40. Jim Williams Quiff
27%
35. Martin Lukeman Smash
27%
33. Madars Razma Razmatazz
26%
42. William O'Connor Magpie
25%
41. Keane Barry Dynamite
22%
Keine übereinstimmenden Quizze gefunden
Verteilung der Resultate
Anzahl Personen mit jedem Resultat
Perzentil nach korrekt beantworteten Fragen
Ihre Resultats-Entwicklung
Sie haben dieses Quiz noch nicht gespielt